UM Logo

Multiple financial accounting standards intensify the dilemma of what to teach: (Record no. 17076)

MARC details
000 -LEADER
fixed length control field 00728nam a2200169 4500
008 - FIXED-LENGTH DATA ELEMENTS--GENERAL INFORMATION
fixed length control field 220602b ||||| |||| 00| 0 eng d
022 ## - INTERNATIONAL STANDARD SERIAL NUMBER
International Standard Serial Number 0732-8435
082 ## - DEWEY DECIMAL CLASSIFICATION NUMBER
Classification number DPer 657.05 C33 Sept - Dec 2012, v. 82 n. 9 - 12
100 ## - MAIN ENTRY--PERSONAL NAME
Personal name Lively, Heather M.
9 (RLIN) 45386
245 ## - TITLE STATEMENT
Title Multiple financial accounting standards intensify the dilemma of what to teach:
Remainder of title stalled convergence presents challenges for educators/
Statement of responsibility, etc. Heather M. Lively and Nicholas J. Mastracchio, Jr.
260 ## - PUBLICATION, DISTRIBUTION, ETC. (IMPRINT)
Place of publication, distribution, etc. New York:
Name of publisher, distributor, etc. The New York State Society of CPA,
Date of publication, distribution, etc. ©2012.
300 ## - PHYSICAL DESCRIPTION
Extent v82 n10, pages 62-65:
Other physical details illustrations;
Dimensions 28 cm.
500 ## - GENERAL NOTE
General note The CPA Journal.
650 ## - SUBJECT ADDED ENTRY--TOPICAL TERM
Topical term or geographic name as entry element Accounting.
9 (RLIN) 45387
700 ## - ADDED ENTRY--PERSONAL NAME
Personal name Mastracchio, N. J., Jr.
Relator term Author.
9 (RLIN) 45388
942 ## - ADDED ENTRY ELEMENTS (KOHA)
Source of classification or shelving scheme Dewey Decimal Classification
Koha item type Periodicals
Holdings
Withdrawn status Lost status Source of classification or shelving scheme Damaged status Not for loan Collection code Home library Current library Date acquired Total Checkouts Full call number Date last seen Price effective from Koha item type Public note
    Dewey Decimal Classification     Periodicals UM Digos College - LIC UM Digos College - LIC 06/06/2022   DPer 657.05 C33 Sept - Dec 2012, v. 82 n. 9 - 12 06/06/2022 06/06/2022 Periodicals Periodical article